[Event "N. American Class D Server Ch, Rd 1 Sec 1"]
[Site "CCLA"]
[Date "2019.04.22"]
[Round "?"]
[White "Acebo, Brian"]
[Black "Czeizinger, Thomas"]
[Result "1-0"]
[WhiteElo "1409"]
[BlackElo "1238"]

1. e4 e5 2. Nf3 Nf6 3. Nxe5 d6 4. Nf3 Nc6 5. Nc3 Ne5 6. h3 c5 7. Be2 a6 8.
 d4 cxd4 9. Nxd4 d5 10. exd5 Bd6 11. Bf4 g5 12. Bxg5 h6 13. Bf4 Qa5 14. 
Nb3 Qb6 15. Qd2 h5 16. Be3 Qb4 17. O-O-O Ne4 18. Nxe4 Qxe4 19. f3 Qg6 20. 
Rhg1 h4 21. f4 Qe4 22. fxe5 Bxe5 23. Bf3 Qc4 24. d6 O-O 25. Bh6 Rd8 26. 
Qg5+ Kh7 27. Qxe5 Kxh6 28. Rd2 Qe6 29. Qh5+ Kg7 30. Qg5+ Qg6 31. Qxd8 f5 
32. d7 Qc6 33. Bxc6 1-0

[Event "N. American Class D Server Ch, Rd 1 Sec 1"]
[Site "CCLA"]
[Date "2019.04.22"]
[Round "?"]
[White "Lines, Daniel"]
[Black "Acebo, Brian"]
[Result "0-1"]
[WhiteElo "1243"]
[BlackElo "1409"]

1. d4 d5 2. Nc3 Nf6 3. Bf4 Bf5 4. e3 e6 5. a3 Bd6 6. Bxd6 Qxd6 7. Bd3 Bxd3
8. Qxd3 O-O 9. h3 Nbd7 10. Nf3 a6 11. Ne5 Nxe5 12. Qd2 Nc4 13. Qc1 Rac8 
14. O-O c5 15. dxc5 Qxc5 0-1

[Event "N. American Class D Server Ch, Rd 1 Sec 1"]
[Site "CCLA"]
[Date "2019.04.22"]
[Round "?"]
[White "Lines, Daniel"]
[Black "Jimenez, Jose"]
[Result "1-0"]
[WhiteElo "1243"]
[BlackElo "1205"]

1. d4 d5 2. Nc3 Nf6 3. Bf4 e6 4. e4 dxe4 5. a3 Bd6 6. Bxd6 Qxd6 7. f3 exf3
8. Nxf3 O-O 9. Bd3 Qf4 10. O-O Nc6 11. Qc1 Qg4 12. Qg5 Qh5 13. Qxh5 Nxh5 
14. Bb5 Nf4 15. Bxc6 bxc6 16. Rfe1 Rb8 17. b4 f6 18. g3 Nh3+ 19. Kg2 e5 
20. Ng1 Nxg1 21. Kxg1 exd4 22. Ne2 Rd8 23. Rad1 Bf5 24. Nxd4 Rxd4 25. Rxd4
Bxc2 26. Rd2 Ba4 27. Rde2 c5 28. bxc5 Bc6 29. Rd2 g5 30. Red1 Ba4 31. Rd8+
Rxd8 32. Rxd8+ Kg7 33. Ra8 c6 34. Rxa7+ 1-0

[Event "N. American Class D Server Ch, Rd 1 Sec 1"]
[Site "CCLA"]
[Date "2019.04.22"]
[Round "?"]
[White "Lines, Daniel"]
[Black "Czeizinger, Thomas"]
[Result "0-1"]
[WhiteElo "1243"]
[BlackElo "1238"]

1. d4 d5 2. c4 e5 3. dxe5 d4 4. Nf3 Nc6 5. e3 Bb4+ 6. Bd2 Bf5 7. Bxb4 Nxb4
8. Na3 c5 9. exd4 Qa5 10. Be2 Rd8 11. O-O Ne7 12. d5 a6 13. b3 Qxa3 14. 
Qc1 Qxc1 0-1

[Event "N. American Class D Server Ch, Rd 1 Sec 1"]
[Site "CCLA"]
[Date "2019.04.22"]
[Round "?"]
[White "Jimenez, Jose"]
[Black "Acebo, Brian"]
[Result "0-1"]
[WhiteElo "1205"]
[BlackElo "1409"]

1. e4 c5 2. Nf3 Nc6 3. Bc4 e6 4. O-O g6 5. Nc3 Bg7 6. Ng5 Qxg5 7. Nb5 Be5 
8. g3 a6 9. f4 Qe7 10. fxe5 axb5 11. Bxb5 Nxe5 12. b3 Nf6 13. d3 O-O 14. 
Bf4 Nc6 15. e5 Nd5 16. c4 Nxf4 17. Rxf4 Nxe5 18. Re4 d6 19. Rh4 b6 20. Qd2
Nf3+ 0-1

[Event "N. American Class D Server Ch, Rd 1 Sec 1"]
[Site "CCLA"]
[Date "2019.04.22"]
[Round "?"]
[White "Jimenez, Jose"]
[Black "Lines, Daniel"]
[Result "0-1"]
[WhiteElo "1205"]
[BlackElo "1243"]

1. e4 e5 2. Nf3 Nc6 3. Bc4 Nf6 4. d3 d5 5. Bxd5 Nxd5 6. O-O Nf6 7. Be3 b6 
8. c4 Nd4 9. Nxe5 Ne6 10. Nc3 Nd7 11. d4 Nxe5 12. dxe5 Bc5 13. Qa4+ Qd7 
14. Qxd7+ Bxd7 15. Nd5 Bxe3 16. Nxe3 O-O 17. Rad1 Bc6 18. Nf5 Bxe4 19. 
Ne7+ Kh8 20. f3 Bb7 21. a4 Nc5 22. Ra1 Rfe8 23. Nf5 Rxe5 24. Nd4 Ne6 25. 
f4 Rc5 26. f5 Nxd4 27. f6 gxf6 28. Rxf6 Rxc4 0-1

[Event "N. American Class D Server Ch, Rd 1 Sec 1"]
[Site "CCLA"]
[Date "2019.04.22"]
[Round "?"]
[White "Jimenez, Jose"]
[Black "Czeizinger, Thomas"]
[Result "0-1"]
[WhiteElo "1205"]
[BlackElo "1238"]

1. e4 c5 2. Nc3 a6 3. Nf3 Nf6 4. Bd3 d6 5. O-O Nc6 6. b3 e5 7. Ba3 Be6 8. 
Qe2 Qa5 9. Bb2 Nd4 10. Qd1 Bg4 11. h3 Bh5 12. a3 Qd8 13. b4 Qd7 14. Qe1 
Nxf3+ 15. gxf3 Bxf3 16. Be2 Qxh3 17. Bc4 Qh1# 0-1

[Event "N. American Class D Server Ch, Rd 1 Sec 1"]
[Site "CCLA"]
[Date "2019.04.22"]
[Round "?"]
[White "Czeizinger, Thomas"]
[Black "Acebo, Brian"]
[Result "0-1"]
[WhiteElo "1238"]
[BlackElo "1409"]

1. e4 e6 2. d4 d5 3. Nc3 Bb4 4. Bb5+ c6 5. Ba4 dxe4 6. f4 exf3 7. Nxf3 h6 
8. Ne5 Nf6 9. Be3 Bxc3+ 10. bxc3 O-O 11. c4 Nbd7 12. Qf3 Qa5+ 13. Bd2 Qxa4
14. O-O Nxe5 15. dxe5 Nh7 16. Qg3 Kh8 17. Rf6 Nxf6 18. exf6 g5 19. Bxg5 
Rg8 20. Qh4 Rg6 21. Bxh6 Kg8 22. Bg7 Rxg7 23. Qh6 Rg6 24. Qh4 Qxc2 25. Rf1
Qxg2# 0-1

[Event "N. American Class D Server Ch, Rd 1 Sec 1"]
[Site "CCLA"]
[Date "2019.04.22"]
[Round "?"]
[White "Czeizinger, Thomas"]
[Black "Lines, Daniel"]
[Result "1-0"]
[WhiteElo "1238"]
[BlackElo "1243"]

1. e4 e5 2. f4 d6 3. Bc4 Nf6 4. Nf3 Nc6 5. d3 Bg4 6. Nc3 Nd4 7. f5 g6 8. 
h3 Bxf3 9. gxf3 gxf5 10. Bg5 Be7 11. f4 h6 12. Bh4 Qd7 13. Bb5 Nxb5 14. a4
Nxc3 15. bxc3 Nh7 16. Qh5 Bxh4+ 17. Qxh4 Qe7 18. Qxh6 fxe4 19. dxe4 O-O-O 
20. O-O-O Qf6 21. Qh5 Qxf4+ 22. Kb2 Qxe4 23. Kb3 Qg6 24. Qe2 Qe6+ 25. c4 
Nf6 26. Qe3 Kb8 27. Ra1 d5 28. Qg5 dxc4+ 29. Kb2 c3+ 30. Kxc3 Rxh3+ 31. 
Rxh3 Qxh3+ 32. Kb2 Qe6 33. Rf1 Nd7 34. Qxd8# 1-0

[Event "N. American Class D Server Ch, Rd 1 Sec 1"]
[Site "CCLA"]
[Date "2019.04.22"]
[Round "?"]
[White "Czeizinger, Thomas"]
[Black "Jimenez, Jose"]
[Result "0-1"]
[WhiteElo "1238"]
[BlackElo "1205"]

1. e4 e5 2. f4 Nc6 3. Nf3 Nf6 4. Nc3 exf4 5. Ne5 Bc5 6. d3 Nxe5 7. Bxf4 
Neg4 8. d4 Bb6 9. Qe2 d6 10. O-O-O Bxd4 11. Rxd4 O-O 12. e5 Bf5 13. Qd2 
Ne8 14. Bc4 Qh4 15. Bg3 Qe7 16. Rf1 Nxe5 17. Qe3 Bg6 18. Nd5 Qe6 19. Be2 
c5 20. Nf4 Qxa2 21. Rd5 f6 22. Ne6 Qxd5 23. Nf4 Qa2 24. Qa3 Qxa3 25. bxa3 
Nc7 26. Rd1 Rfd8 27. Bf2 Bf7 28. h3 g5 29. Nd3 Nc4 30. Bd4 cxd4 31. g4 
Nxa3 32. Bf3 d5 33. Rh1 Ncb5 34. c4 dxc4 35. Ne1 d3 0-1

[Event "N. American Class D Server Ch, Rd 1 Sec 2"]
[Site "CCLA"]
[Date "2019.04.22"]
[Round "1"]
[White "Buganza, Nathan J."]
[Black "Lyons, Brenda M."]
[Result "1-0"]
[WhiteElo "1399"]
[BlackElo "1233"]

1. d4 d6 2. e4 Nf6 3. Bd3 e5 4. c3 d5 5. dxe5 Nxe4 6. Nf3 Nc6 7. Nbd2 Nc5 
8. Bb1 Bg4 9. b4 Ne6 10. O-O Nxe5 11. Re1 Nd7 12. a3 Bh5 13. Nb3 c6 14. 
Nbd4 Qf6 15. g4 O-O-O 16. gxh5 Nxd4 17. Nxd4 Bd6 18. Qg4 Rde8 19. Rxe8+ 
Rxe8 20. Bf5 Re1+ 21. Kg2 Qe7 22. Bg5 Qf8 23. Bxd7+ Kb8 24. Rxe1 f6 25. 
Re8+ 1-0

[Event "N. American Class D Server Ch, Rd 1 Sec 2"]
[Site "CCLA"]
[Date "2019.04.22"]
[Round "1"]
[White "Williams, Rufus H."]
[Black "Buganza, Nathan J."]
[Result "1/2-1/2"]
[WhiteElo "1274"]
[BlackElo "1399"]

1. d4 Nf6 2. c4 e5 3. d5 Bc5 4. e3 a6 5. Nc3 d6 6. h3 Bf5 7. Bd3 Bxd3 8. 
Qxd3 O-O 9. e4 Bd4 10. Nf3 Bxc3+ 11. bxc3 Nbd7 12. O-O h6 13. Qe3 Nc5 14. 
Rb1 b6 15. Rd1 Ncxe4 16. Bb2 Nc5 17. Ba3 Kh8 18. Qe2 Qd7 19. Qc2 Qa4 20. 
Qxa4 Nxa4 21. Rb3 Nc5 22. Rbb1 Nfe4 23. Rbc1 f5 24. Kf1 Na4 1/2-1/2

[Event "N. American Class D Server Ch, Rd 1 Sec 2"]
[Site "CCLA"]
[Date "2019.04.22"]
[Round "1"]
[White "Benson, Katie J."]
[Black "Buganza, Nathan J."]
[Result "0-1"]
[WhiteElo "1138"]
[BlackElo "1399"]

1. d4 Nf6 2. Nf3 e6 3. Nbd2 c5 4. e4 cxd4 5. e5 Nd5 6. Nxd4 Qc7 7. N2f3 a6
8. Be2 b5 9. O-O Bb7 10. c3 Nc6 11. Re1 Nxd4 12. Nxd4 d6 13. exd6 Bxd6 14.
 h3 O-O 15. Bf3 Rfd8 16. Bg5 Rd7 17. Qe2 h6 18. Bd2 Rad8 19. a4 bxa4 20. 
Rxa4 Bc5 21. Nb3 Ba7 22. Na5 Ba8 23. Rea1 Nb4 24. Qc4 Bxf2+ 25. Kxf2 Rxd2+
26. Qe2 Rxe2+ 0-1

[Event "N. American Class D Server Ch, Rd 1 Sec 2"]
[Site "CCLA"]
[Date "2019.04.22"]
[Round "1"]
[White "Buganza, Nathan J."]
[Black "Lyons, Gage W."]
[Result "1-0"]
[WhiteElo "1399"]
[BlackElo "1100"]

1. d4 d5 2. c4 c6 3. Nf3 Nf6 4. Nc3 dxc4 5. a4 Bf5 6. e3 e6 7. Bxc4 Bb4 8.
 O-O O-O 9. Qe2 Nbd7 10. e4 Bg6 11. Bd3 Bh5 12. Bf4 Re8 13. e5 Nd5 14. 
Nxd5 cxd5 15. h3 a6 16. g4 Bg6 17. h4 Nb8 18. h5 Bxd3 19. Qxd3 Nc6 20. Ng5
Qe7 21. Qxh7+ Kf8 22. Qh8# 1-0

[Event "N. American Class D Server Ch, Rd 1 Sec 2"]
[Site "CCLA"]
[Date "2019.04.22"]
[Round "1"]
[White "Shaffer, Aaron"]
[Black "Buganza, Nathan J."]
[Result "0-1"]
[WhiteElo "1099"]
[BlackElo "1399"]

1. d4 Nf6 2. c4 e6 3. Nc3 Bb4 4. e3 O-O 5. Nf3 c5 6. Bd3 d5 7. O-O dxc4 8.
 Bxc4 cxd4 9. exd4 b6 10. Bg5 Bb7 11. Rc1 Nbd7 12. Re1 Qc7 13. Bd3 Qd6 14.
 Ne5 Bxc3 15. Nxd7 Bxe1 16. Bxf6 Bxf2+ 17. Kf1 Be3 18. Bxh7+ Kh8 19. Be5 
Qd5 20. Rc2 f6 21. Nxf8 fxe5 22. Ng6+ Kxh7 23. Qh5+ Bh6 24. Nxe5 Rf8+ 25. 
Kg1 Qxd4+ 26. Rf2 Qxf2+ 27. Kh1 Qxg2# 0-1

[Event "N. American Class D Server Ch, Rd 1 Sec 2"]
[Site "CCLA"]
[Date "2019.04.22"]
[Round "1"]
[White "Lyons, Brenda M."]
[Black "Williams, Rufus H."]
[Result "1/2-1/2"]
[WhiteElo "1233"]
[BlackElo "1274"]

1. d4 d5 2. c4 c6 3. cxd5 cxd5 4. Nc3 Nf6 5. Bf4 e6 6. Nf3 Bb4 7. Bd2 Nc6 
8. a3 Bxc3 9. Bxc3 Ne4 10. Ne5 Nxe5 11. dxe5 O-O 12. e3 a6 13. Bd4 b5 14. 
b4 Bd7 15. Bd3 Qh4 16. Bxe4 Qxe4 17. O-O Rac8 18. Qd2 Qh4 19. Rac1 Bc6 20.
 Rfe1 Rfe8 21. Rc5 1/2-1/2

[Event "N. American Class D Server Ch, Rd 1 Sec 2"]
[Site "CCLA"]
[Date "2019.04.22"]
[Round "1"]
[White "Lyons, Brenda M."]
[Black "Benson, Katie J."]
[Result "1/2-1/2"]
[WhiteElo "1233"]
[BlackElo "1138"]

1. d4 Nf6 2. Nf3 d5 3. c4 e6 4. g3 Be7 5. Bg2 O-O 6. cxd5 exd5 7. O-O Nc6 
8. Nc3 Bg4 9. h3 Bxf3 10. Bxf3 Re8 11. Qb3 Ne4 12. Nxe4 dxe4 13. Bxe4 Qxd4
14. Qd5 Qxd5 15. Bxd5 h6 16. Bxc6 bxc6 17. Bf4 Bd6 18. Bxd6 cxd6 19. Rfd1 
1/2-1/2

[Event "N. American Class D Server Ch, Rd 1 Sec 2"]
[Site "CCLA"]
[Date "2019.04.22"]
[Round "1"]
[White "Lyons, Gage W."]
[Black "Lyons, Brenda M."]
[Result "1/2-1/2"]
[WhiteElo "1100"]
[BlackElo "1233"]

1. e4 e5 2. f4 d5 3. exd5 e4 4. d3 Nf6 5. dxe4 Nxe4 6. Be3 Bd6 7. Nf3 O-O 
8. Bd3 Re8 9. O-O Nf6 10. Ne5 Bxe5 11. fxe5 Nxd5 12. Qh5 Nxe3 13. Qxf7+ 
Kh8 14. Bxh7 1/2-1/2

[Event "N. American Class D Server Ch, Rd 1 Sec 2"]
[Site "CCLA"]
[Date "2019.04.22"]
[Round "1"]
[White "Lyons, Brenda M."]
[Black "Shaffer, Aaron"]
[Result "1-0"]
[WhiteElo "1233"]
[BlackElo "1099"]

1. e4 c6 2. d4 d5 3. e5 Bf5 4. h4 b6 5. g4 Bd7 6. Nd2 c5 7. dxc5 e6 8. Nb3
Bxc5 9. Nxc5 bxc5 10. c3 Nc6 11. Nf3 d4 12. cxd4 Qa5+ 13. Qd2 Qxd2+ 14. 
Bxd2 Nh6 15. Bxh6 gxh6 16. Bb5 a6 17. Ba4 Nxd4 18. Bxd7+ Kxd7 19. Nxd4 
cxd4 20. O-O-O Rad8 21. Rxd4+ Ke7 22. Rxd8 Rxd8 23. a3 1-0

[Event "N. American Class D Server Ch, Rd 1 Sec 2"]
[Site "CCLA"]
[Date "2019.04.22"]
[Round "1"]
[White "Benson, Katie J."]
[Black "Williams, Rufus H."]
[Result "0-1"]
[WhiteElo "1138"]
[BlackElo "1274"]

1. Nf3 d5 2. d4 Nf6 3. Nc3 Bf5 4. Bf4 e6 5. h3 Bb4 6. Bd2 Nc6 7. Ne5 Nxd4 
8. Nd3 c5 9. a3 Bxc3 10. Bxc3 Rc8 11. b4 Nb5 12. Bxf6 Qxf6 13. e3 Qc3+ 14.
 Ke2 c4 15. Qd2 cxd3+ 16. cxd3 Qxa1 0-1

[Event "N. American Class D Server Ch, Rd 1 Sec 2"]
[Site "CCLA"]
[Date "2019.04.22"]
[Round "1"]
[White "Williams, Rufus H."]
[Black "Lyons, Gage W."]
[Result "1/2-1/2"]
[WhiteElo "1274"]
[BlackElo "1100"]

1. e4 e5 2. Nf3 Nc6 3. Bb5 a6 4. Ba4 b5 5. Bb3 Nf6 6. d3 d5 7. exd5 Nxd5 
8. c3 Be6 9. Bc2 Bg4 10. h3 Bh5 11. O-O Bxf3 12. Qxf3 Be7 13. Re1 O-O 14. 
d4 Bf6 15. Be4 Nce7 16. Nd2 c6 17. Nb3 exd4 18. cxd4 a5 19. a4 b4 20. Qd3 
g6 21. Bh6 Bg7 22. Bxg7 Kxg7 23. Qd2 Kh8 24. Qh6 Ng8 25. Qd2 Re8 26. Rac1 
1/2-1/2

[Event "N. American Class D Server Ch, Rd 1 Sec 2"]
[Site "CCLA"]
[Date "2019.04.22"]
[Round "1"]
[White "Shaffer, Aaron"]
[Black "Williams, Rufus H."]
[Result "1/2-1/2"]
[WhiteElo "1099"]
[BlackElo "1274"]

1. e4 e5 2. Nf3 Nc6 3. Bc4 Nf6 4. Nc3 Bc5 5. d4 exd4 6. Nd5 d6 7. Nxf6+ 
Qxf6 8. O-O Be6 9. Bxe6 Qxe6 10. c3 dxc3 11. bxc3 O-O 12. Re1 a6 13. Nd4 
1/2-1/2

[Event "N. American Class D Server Ch, Rd 1 Sec 2"]
[Site "CCLA"]
[Date "2019.04.22"]
[Round "1"]
[White "Lyons, Anthony W."]
[Black "Benson, Katie J."]
[Result "1/2-1/2"]
[WhiteElo "1145"]
[BlackElo "1138"]

1. e4 c5 2. Nf3 Nc6 3. d4 cxd4 4. Nxd4 Qb6 5. Nc3 Nf6 6. Nb3 e6 7. Bd3 Be7
8. Be3 Qc7 9. f4 d6 10. Qe2 a6 11. g4 b5 12. O-O-O Bb7 13. g5 Nd7 14. Kb1 
Nc5 15. Rhf1 Na5 16. h4 Na4 17. Nxa4 bxa4 18. Nxa5 Qxa5 19. Qd2 Qxd2 20. 
Bxd2 1/2-1/2

[Event "N. American Class D Server Ch, Rd 1 Sec 2"]
[Site "CCLA"]
[Date "2019.04.22"]
[Round "1"]
[White "Lyons, Anthony W."]
[Black "Shaffer, Aaron"]
[Result "1/2-1/2"]
[WhiteElo "1145"]
[BlackElo "1099"]

1. e4 c6 2. d4 d5 3. e5 Bf5 4. f4 e6 5. Nf3 c5 6. Be3 cxd4 7. Nxd4 Ne7 8. 
Bb5+ Nd7 9. O-O a6 10. Be2 g5 11. g3 gxf4 12. Nxf5 Nxf5 13. Bd2 1/2-1/2

[Event "N. American Class D Server Ch, Rd 1 Sec 2"]
[Site "CCLA"]
[Date "2019.04.22"]
[Round "1"]
[White "Lyons, Gage W."]
[Black "Shaffer, Aaron"]
[Result "1/2-1/2"]
[WhiteElo "1100"]
[BlackElo "1099"]

1. d4 Nf6 2. Nf3 d5 3. c4 e6 4. g3 Be7 5. Bg2 dxc4 6. O-O O-O 7. Ne5 Nc6 
8. Bxc6 bxc6 9. Nxc6 Qd7 10. Nxe7+ Qxe7 11. Qa4 c5 12. Qa3 Qb7 13. Qxc5 e5
14. Rd1 exd4 15. Qxd4 Bh3 16. f3 Rae8 17. Nc3 Qb6 18. Qxb6 axb6 19. Nd5 
Nxd5 20. Rxd5 Rd8 21. Rxd8 Rxd8 22. Be3 b5 1/2-1/2

[Event "Server NA Class A Champ., S95009"]
[Site "CCLA"]
[Date "2019.12.06"]
[Round "?"]
[White "Haase, F. Philip"]
[Black "Bapple, Edward C."]
[Result "1-0"]
[WhiteElo "2112"]
[BlackElo "1972"]

1. e4 c5 2. Nf3 g6 3. c3 Bg7 4. d4 cxd4 5. cxd4 d5 6. e5 Bg4 7. Nbd2 Nc6 
8. h3 Bf5 9. Bb5 Qb6 10. Bxc6+ Qxc6 11. Nb3 Bc2 12. Qe2 Bxb3 13. axb3 e6 
14. O-O Ne7 15. Bg5 Qd7 16. b4 O-O 17. b5 Rfc8 18. Bd2 b6 19. Qd3 Rc7 20. 
Rfc1 Rac8 21. Rxc7 Rxc7 22. g4 h6 23. Kh2 Kh7 24. Ng1 f6 25. exf6 Bxf6 26.
 Nf3 Bg7 27. Bf4 Rc8 28. Ne5 Bxe5 29. Bxe5 Rf8 30. Kg2 Nc8 31. Qa3 Rf7 32.
 Rc1 Qd8 33. Rc6 Qe8 34. Qa6 Qf8 35. Bg3 Ne7 36. Rc7 Ng8 37. Qxa7 1-0

[Event "Server NA Class A Champ., S95009"]
[Site "CCLA"]
[Date "2019.12.06"]
[Round "?"]
[White "Haase, F. Philip"]
[Black "Clancey, James"]
[Result "1-0"]
[WhiteElo "2112"]
[BlackElo "1865"]

1. e4 c5 2. Nf3 d6 3. Bb5+ Nc6 4. d4 cxd4 5. Nxd4 Bd7 6. Nc3 e5 7. Nf5 
Bxf5 8. exf5 Nf6 9. Bg5 Be7 10. Bxf6 Bxf6 11. O-O Qd7 12. Nd5 Rc8 13. Qf3 
O-O 14. c3 a6 15. Bd3 Qd8 16. Be4 Nb8 17. Ne3 Nc6 18. Rad1 h6 19. Ng4 Re8 
20. Rd3 1-0

[Event "Server NA Class A Champ., S95009"]
[Site "CCLA"]
[Date "2019.12.06"]
[Round "?"]
[White "Bapple, Edward C."]
[Black "Haase, F. Philip"]
[Result "0-1"]
[WhiteElo "1972"]
[BlackElo "2112"]

1. e4 c5 2. Nc3 Nc6 3. f4 e6 4. Nf3 d5 5. Bb5 Ne7 6. exd5 exd5 7. Qe2 g6 
8. Qe5 Rg8 9. Bxc6+ bxc6 10. O-O Bg4 11. d3 Bxf3 12. Rxf3 Bg7 13. Qe1 Kf8 
14. Ne2 Nf5 15. Qf2 Qb6 16. Rb1 h5 17. Be3 Bd4 18. Bxd4 cxd4 19. Ng3 Nh4 
20. f5 Nxf3+ 21. Qxf3 Ke7 22. Re1+ Kd6 23. Qf4+ Kc5 24. Rb1 Qd8 25. b4+ 
Kb6 26. Qxd4+ Kb7 27. b5 c5 28. Qf2 Rc8 29. Nf1 Qf6 30. Ne3 Rge8 31. Nxd5 
Qd4 32. Qxd4 cxd4 33. Nb4 Rc5 34. a4 g5 35. Rc1 a6 36. Nxa6 Rxf5 37. Nb4 
Ra8 38. Na6 Kb6 39. Re1 Rc8 40. Nb4 Ra8 41. Na6 Rc8 42. Nb4 Ra8 43. Na6 
Ka5 44. Rb1 g4 45. g3 Rg5 46. Kh1 Kb6 47. Re1 Rgg8 48. Re4 Rgc8 49. Rxd4 
Rxc2 50. Rc4 Ra2 51. Rc6+ Ka5 52. Nc5 Re8 53. Nb7+ Kb4 0-1

[Event "Server NA Class A Champ., S95009"]
[Site "CCLA"]
[Date "2019.12.06"]
[Round "?"]
[White "Bapple, Edward C."]
[Black "Clancey, James"]
[Result "1-0"]
[WhiteElo "1972"]
[BlackElo "1865"]

1. e4 c5 2. Nc3 g6 3. f4 Bg7 4. Nf3 Nc6 5. Bb5 Nd4 6. O-O Nxb5 7. Nxb5 d6 
8. d4 Bd7 9. Qd3 a6 10. Nc3 e6 11. dxc5 dxc5 12. Be3 Qc7 13. Rad1 Nf6 14. 
Ne5 Rd8 15. Qc4 b6 16. Qxa6 O-O 17. a4 Bc6 18. Bxc5 bxc5 19. Qxc6 Ne8 20. 
Rxd8 1-0

[Event "Server NA Class A Champ., S95009"]
[Site "CCLA"]
[Date "2019.12.06"]
[Round "?"]
[White "Clancey, James"]
[Black "Haase, F. Philip"]
[Result "0-1"]
[WhiteElo "1865"]
[BlackElo "2112"]

1. c4 e5 2. g3 Nf6 3. Nc3 Bb4 4. d3 Bxc3+ 5. bxc3 O-O 6. Bg2 d6 7. Nf3 
Nbd7 8. O-O Re8 9. e4 Nc5 10. Be3 b6 11. Re1 Bd7 12. Nd2 Nxd3 13. Rf1 Ng4 
14. Qf3 Nb2 15. h3 Nxe3 16. Qxe3 Qf6 17. Rab1 Na4 18. h4 a5 19. Rfe1 Qg6 
20. Bf3 Bc8 21. h5 Qe6 22. Qd3 Qf6 23. Nf1 Be6 24. Kg2 h6 25. Ne3 Qg5 26. 
Nd5 Rac8 27. Rb3 Nc5 28. Qe3 Qxe3 29. Rxe3 Nxb3 30. axb3 c6 0-1

[Event "NA Class A Champ. Rd 1, S95011"]
[Site "CCLA"]
[Date "2019.04.22"]
[Round "1"]
[White "Bolduc, Steve"]
[Black "Blumberg, David L."]
[Result "1/2-1/2"]
[WhiteElo "1859"]
[BlackElo "1923"]

1. e4 c5 2. Nf3 d6 3. Bb5+ Bd7 4. Bxd7+ Qxd7 5. c4 Nc6 6. d4 cxd4 7. Nxd4 
Nf6 8. Nc3 g6 9. f3 Bg7 10. Be3 O-O 11. O-O a6 12. Qd2 Nxd4 13. Bxd4 b5 
14. cxb5 axb5 15. Nd5 Nxd5 16. Bxg7 Kxg7 17. Qxd5 Rfc8 18. Rfc1 Qa7+ 19. 
Kf1 b4 1/2-1/2

[Event "NA Class A Champ. Rd 1, S95011"]
[Site "CCLA"]
[Date "2019.04.22"]
[Round "1"]
[White "Bolduc, Steve"]
[Black "Haase, F. Philip"]
[Result "0-1"]
[WhiteElo "1859"]
[BlackElo "2023"]

1. e4 c5 2. Nf3 Nc6 3. Bb5 e6 4. Bxc6 bxc6 5. d3 d5 6. Qe2 Nf6 7. c4 h6 8.
 e5 Nd7 9. O-O Be7 10. Nc3 Rb8 11. b3 O-O 12. Na4 Nb6 13. Nc3 Qc7 14. Ba3 
Bb7 15. Rac1 Rbd8 16. Rc2 Nd7 17. Na4 d4 18. Rcc1 Rfe8 19. Rce1 Qa5 20. 
Nd2 Nxe5 21. Qxe5 Qxd2 22. Qe2 Qa5 23. f4 Bc8 24. Qf3 f6 25. g4 Bd6 26. g5
fxg5 27. fxg5 Rf8 28. Qg2 hxg5 29. Qxg5 Bf4 30. Qg2 Be3+ 31. Kh1 Rf5 32. 
Rxf5 exf5 33. Rf1 Rd6 34. Bxc5 Rh6 0-1

[Event "NA Class A Champ. Rd 1, S95011"]
[Site "CCLA"]
[Date "2019.04.22"]
[Round "1"]
[White "Bolduc, Steve"]
[Black "Downs, Ray"]
[Result "0-1"]
[WhiteElo "1859"]
[BlackElo "1893"]

1. e4 d6 2. d4 Nf6 3. Nc3 g6 4. Bg5 c6 5. Bxf6 exf6 6. Bd3 Bg7 7. Nf3 O-O 
8. h3 d5 9. exd5 Re8+ 10. Be2 cxd5 11. O-O Bf5 12. Nh4 Be6 13. Bd3 f5 14. 
Nf3 Nd7 15. Ne2 Qc7 16. c3 Nf6 17. Qc1 Ne4 18. Ng5 Bd7 19. f3 Ng3 20. Nxg3
Qxg3 21. f4 Qxd3 0-1

[Event "NA Class A Champ. Rd 1, S95011"]
[Site "CCLA"]
[Date "2019.04.22"]
[Round "1"]
[White "Blumberg, David L."]
[Black "Bolduc, Steve"]
[Result "1-0"]
[WhiteElo "1923"]
[BlackElo "1859"]

1. d4 d5 2. c4 c6 3. Nf3 Nf6 4. Nc3 dxc4 5. a4 Bf5 6. e3 e6 7. Bxc4 Bb4 8.
 O-O O-O 9. Qe2 Nbd7 10. e4 Bg4 11. Rd1 a5 12. h3 Bh5 13. Bg5 Qc7 14. Rac1
Rfe8 15. g4 Bg6 16. Bd3 e5 17. d5 h5 18. Nh4 hxg4 19. Nxg6 fxg6 20. hxg4 
Qb6 21. dxc6 bxc6 22. Bc4+ Kf8 23. Rxd7 1-0

[Event "NA Class A Champ. Rd 1, S95011"]
[Site "CCLA"]
[Date "2019.04.22"]
[Round "1"]
[White "Blumberg, David L."]
[Black "Haase, F. Philip"]
[Result "0-1"]
[WhiteElo "1923"]
[BlackElo "2023"]

1. d4 Nf6 2. c4 e6 3. Nc3 Bb4 4. e3 O-O 5. Bd3 d5 6. Nf3 dxc4 7. Bxc4 b6 
8. O-O Bb7 9. a3 Bxc3 10. bxc3 Nc6 11. Bd3 Na5 12. Re1 Be4 13. Bf1 Bxf3 
14. Qxf3 Nb3 15. Rb1 Nxc1 16. Rexc1 c5 17. Ba6 Rb8 18. Rb2 Qd6 19. Qg3 Qd7
20. Bb5 Qe7 21. a4 Rbc8 22. Rbc2 Rfd8 23. Ba6 Rc7 24. Qf3 g6 25. h3 e5 26.
 dxe5 Qxe5 27. Bb5 Kg7 28. Rd1 Rxd1+ 29. Qxd1 h5 30. Qd3 Re7 31. Qd1 Re6 
32. c4 Ne4 33. Qd5 Qa1+ 34. Kh2 Qe1 35. Bd7 Re7 36. Bc6 Nxf2 37. Qf3 Qh1+ 
38. Kg3 Nd3 39. Re2 Ne5 40. Qd5 Qg1 41. Bb5 g5 42. h4 gxh4+ 0-1

[Event "NA Class A Champ. Rd 1, S95011"]
[Site "CCLA"]
[Date "2019.04.22"]
[Round "1"]
[White "Blumberg, David L."]
[Black "Downs, Ray"]
[Result "1/2-1/2"]
[WhiteElo "1923"]
[BlackElo "1893"]

1. d4 Nf6 2. c4 g6 3. Nc3 Bg7 4. e4 d6 5. f3 O-O 6. Be3 c5 7. Nge2 Nc6 8. 
d5 Ne5 9. Ng3 h5 10. Be2 h4 11. Nf1 e6 12. f4 Nxc4 13. Bxc4 b5 14. Bxb5 
exd5 15. e5 dxe5 16. fxe5 Bg4 17. Be2 Bxe2 18. Qxe2 Nd7 19. Bf4 g5 20. Bd2
d4 21. Ne4 Qe7 22. Bxg5 Qxe5 23. Nfd2 Rae8 24. Kf1 c4 25. Re1 Qf5+ 26. Qf3
Qb5 27. Qe2 Qf5+ 28. Qf3 Qb5 29. Qe2 d3 30. Qd1 Re6 31. Bxh4 Nb6 32. Bf2 
Qxb2 33. Bxb6 c3 34. Nc4 Qb4 1/2-1/2

[Event "NA Class A Champ. Rd 1, S95011"]
[Site "CCLA"]
[Date "2019.04.22"]
[Round "1"]
[White "Haase, F. Philip"]
[Black "Bolduc, Steve"]
[Result "1-0"]
[WhiteElo "2023"]
[BlackElo "1859"]

1. e4 c5 2. Nf3 Nc6 3. Bb5 d6 4. O-O Bd7 5. Bxc6 Bxc6 6. d4 cxd4 7. Nxd4 
Bxe4 8. Re1 Bg6 9. f4 h6 10. f5 Bh7 11. c4 Nf6 12. Nc3 g6 13. Qa4+ Qd7 14.
 Ndb5 e5 15. fxe6 fxe6 16. Nc7+ Kf7 17. Qxd7+ 1-0

[Event "NA Class A Champ. Rd 1, S95011"]
[Site "CCLA"]
[Date "2019.04.22"]
[Round "1"]
[White "Haase, F. Philip"]
[Black "Blumberg, David L."]
[Result "1-0"]
[WhiteElo "2023"]
[BlackElo "1923"]

1. e4 c5 2. Nf3 d6 3. d4 cxd4 4. Nxd4 Nf6 5. Nc3 a6 6. Be3 e5 7. Nb3 Be6 
8. Bd3 Be7 9. O-O O-O 10. Nd5 Nxd5 11. exd5 Bc8 12. Qd2 Nd7 13. c4 f5 14. 
f4 e4 15. Be2 b6 16. Nd4 Nb8 17. Rad1 Bd7 18. g4 Bf6 19. Ne6 Bxe6 20. dxe6
Be7 21. Qd5 Ra7 22. gxf5 a5 23. Qxe4 Na6 24. Bf3 Nc5 25. Qd5 Kh8 26. b3 
Qe8 27. Kh1 Rg8 28. Rg1 Bf8 29. f6 Qxe6 30. Bxc5 Qxd5 31. Bxd5 1-0